Business Process Modeling Linguistic Approach - Problems of Business Strategy Design
Salvato in:
| Autore principale: | |
|---|---|
| Altri autori: | , |
| Natura: | Capitolo di libro |
| Lingua: | inglese |
| Tags: |
Nessun Tag, puoi essere il primo ad aggiungerne!!
|
MARC
| LEADER | 00000naa a2200000 4500 | ||
|---|---|---|---|
| 001 | 0214235 | ||
| 005 | 20250707071408.9 | ||
| 041 | 0 | |a eng | |
| 044 | |a US | ||
| 245 | 1 | 0 | |a Business Process Modeling Linguistic Approach - Problems of Business Strategy Design |c Jozef Stašák, Radka Vaníčková, Michal Grell |
| 100 | 1 | |a Stašák, Jozef | |
| 700 | 1 | |a Vaníčková, Radka | |
| 700 | 1 | |a Grell, Michal | |